Szczegóły MARC21

Furcht und Elend des Dritten Reiches : 24 Szenen /

003 -Nazwa inst., której nr kontr. jest w polu 001 [,]
    • @
    • Nazwa instytucji, której n kontrolny jest w polu 001
    • NUKAT
005 -DATA I CZAS OSTATNIEJ MODYFIKACJI [,]
    • @
    • pole kontrolne
    • 20241231112436.0
040 -Instytucja sporządzająca opis [ , ]
    • a
    • Instytucja, która sporządziła opis (NP)
    • WA U/70MST
    • c
    • Instytucja, która sporządziła rekord (NP)
    • WA U/MST
    • d
    • Instytucja, która zmodyfikowała rekord (P)
    • WA U/ACH
    • d
    • Instytucja, która zmodyfikowała rekord (P)
    • POZN U/MW
942 -Rodzaj dokumentu [ , ]
    • c
    • Rodzaj dokumentu
    • Książka
100 -Hasło główne - nazwa osobowa [1, ]
    • a
    • Nazwa osobowa (NP)
    • Brecht, Bertolt
    • d
    • Daty biograficzne (NP)
    • (1898-1956).
    • 9
    • KHW
    • 51242
240 -Tytuł ujednolicony [1,0]
    • a
    • Tytuł ujednolicony
    • Furcht und Elend des Dritten Reiches
    • l
    • Język tekstu
    • (niem.)
    • 9
    • KHW
    • 449142
245 -Strefa tytułu i oznaczenia odpowiedzialności [1,0]
    • a
    • Tytuł
    • Furcht und Elend des Dritten Reiches : Find
    • b
    • Ciąg dalszy tytułu (NP)
    • 24 Szenen / Find
    • c
    • Pozostałe elementy strefy tytułu i oznaczenia odpowiedzialności (NP)
    • Bertolt Brecht.
250 -Strefa wydania [ , ]
    • a
    • Oznaczenie wydania (NP)
    • 3. Aufl.
260 -Strefa adresu wydawniczego [ , ]
    • a
    • Miejsce wydania (P)
    • Leipzig :
    • b
    • Nazwa wydawcy (P)
    • Reclam,
    • c
    • Data wydania (P)
    • 1964.
300 -Strefa opisu fizycznego [ , ]
    • a
    • Określenie formy książki i/lub objętość (NP)
    • 125 s. ;
    • c
    • Format (NP)
    • 17 cm.
336 -Typ zawartości [ , ]
    • a
    • Termin opisujący typ zawartości
    • Tekst
    • b
    • Kod określający zawartość
    • txt
    • 2
    • Źródło (terminu i kodu)
    • rdacontent
337 -Typ mediów [ , ]
    • a
    • Tryb odtwarzania
    • Bez urządzenia pośredniczącego
    • b
    • Kod typu mediów
    • n
    • 2
    • Źródło (terminu i kodu)
    • rdamedia
338 -Typ/rodzaj nośnika [ , ]
    • a
    • Hasło opisujące typ nośnika
    • Wolumin
    • b
    • Kod typu nośnika
    • nc
    • 2
    • Źródło (terminu i kodu)
    • rdacarrier
490 -Strefa serii i książki wielotomowej - forma nie do wyszukiwania [1, ]
    • a
    • Tytuł (P)
    • Reclams Universal-Bibliothek ; Find
    • v
    • Numeracja (P)
    • Bd. 192
830 -Hasło dodatkowe serii i opisu książki wielotomowej - tytuł ujednolicony/tytuł [ ,0]
    • a
    • Tytuł ujednolicony/tytuł (NP)
    • Reclams Universal-Bibliothek
    • x
    • ISSN
    • 0722-8511
    • v
    • Oznaczenie tomu (NP)
    • Bd. 192
    • 9
    • KHW
    • 12680
080 -Uniwersalna Klasyfikacja Dziesiętna [ , ]
    • a
    • Symbol klasyfikacji
    • 830-2=30
980 -Symbol UKD [ , ]
    • a
    • UKD
    • 830-2=30
Sygnatura Status udost. Numer inwentarzowy Lokalizacja Data inwentaryzacji
Germ. Dramat niemiecki-3G.14793BM2000-05-09
 1G.2952BM